00562nam a2200145Ia 4500003000900000008004100009020002600050040001600076100002200092245011400114260003200228300002000260490003300280856010300313IN-BaIIA211028s9999 xx s 000 0 eng d a9780819477101 (Print) cIIA Library aYin, Shizhuo, ed. 0aPhotonic Fiber and Crystal Devices: Advances in Materials and Innovations in Device Applications IIIh[eBook] aWashington, USAbSPIEc2009 aOnline resource aProceedings of SPIE; V. 7420 uhttps://www.spiedigitallibrary.org/conference-proceedings-of-spie/7420yClick Here to Access eBook